| 000 | 01243nam a22001937a 4500 | ||
|---|---|---|---|
| 003 | JO-AjAnu | ||
| 005 | 20240708103526.0 | ||
| 008 | 240708b jo ||||| |||| 00| 0 ara d | ||
| 040 |
_aJO-AjAnu _bARA _cJO-AjAnu |
||
| 041 | 1 | _hARA | |
| 100 |
_aشويات، محمد احمد _eمعد _966063 |
||
| 245 | 0 | 1 |
_aأثر خصائص المعلومات المحاسبية على جودة القرارات التشغيلية في الشركات المالية الأدنية المدرجة لدى بورصة عمان والحوسبة السحابية كمتغير معدل = The Effect of the Characteristics of Accounting information on Improving the Quality of Operational Decisions in the Jordanian financial Companies listed on the Amman Stock Exchange and Cloud Computing as a Moderating Variable / _cاعداد محمد احمد شويات ؛ اشراف علي عبدالله الزعبي |
| 260 | _c2024 | ||
| 300 | _a94 ورقة | ||
| 500 | _aرسالة جامعية (اطروحة ماجستير) جامعة عجلون الوطنية، كلية الأعمال / تخصص المحاسبة، 2024 | ||
| 650 | 7 | _vالمعلومات المحاسبية | |
| 700 |
_aالزعبي، علي عبدالله _965219 _eمشرف |
||
| 942 |
_2lcc _cTHS _n0 |
||
| 999 |
_c33583 _d33583 |
||